Biografía del estado moderno / (Record no. 50281)

MARC details
000 -LEADER
campo de control de longitud fija 00707nam a2200217 i 4500
001 - NÚMERO DE CONTROL
campo de control 50281
003 - IDENTIFICADOR DE NÚMERO DE CONTROL
campo de control ES-MaACL
005 - FECHA Y HORA DE LA ÚLTIMA TRANSACCIÓN
campo de control 20251114111828.0
007 - CAMPO FIJO DE DESCRIPCIÓN FÍSICA--INFORMACIÓN GENERAL
campo de control de longitud fija t|
008 - DATOS DE LONGITUD FIJA--INFORMACIÓN GENERAL
campo de control de longitud fija 030801s1977 sp ||||1| spa d
100 1# - ENTRADA PRINCIPAL--NOMBRE DE PERSONA
Nombre de persona Crossman, R.H.S.
9 (RLIN) 41727
245 10 - MENCIÓN DEL TÍTULO
Título Biografía del estado moderno /
Mención de responsabilidad, etc. R. H. S. Crossman , [traducción de J. A. Fernández de Castro].
250 ## - MENCION DE EDICION
Mención de edición [3ª ed.].
260 ## - PUBLICACIÓN, DISTRIBUCIÓN, ETC.
Lugar de publicación, distribución, etc. [Madrid] :
Nombre del editor, distribuidor, etc. Fondo de Cultura Económica,
Fecha de publicación, distribución, etc. [1977]
300 ## - DESCRIPCIÓN FÍSICA
Extensión 385 p. ;
Dimensiones 17 cm.
490 1# - MENCIÓN DE SERIE
Mención de serie Colección popular (Fondo de Cultura Económica) ;
Designación de volumen o secuencia 63
RLIN 241328
700 0# - ENTRADA AGREGADA--NOMBRE PERSONAL
Nombre de persona Fernández de Castro, J. A.
9 (RLIN) 49641
852 ## - LOCALIZACIÓN
Ubicación ES-MaACL
Número de control de estantería A-8252
Sublocalización o colección R.97248
942 ## - ELEMENTOS DE ENTRADA SECUNDARIOS (KOHA)
Fuente del sistema de clasificación o colocación Clasificación decimal universal
Holdings
Estatus retirado Estado de pérdida Estado de daño No para préstamo Biblioteca de origen Biblioteca actual Ubicación en estantería Fecha de adquisición Fuente de adquisición Total de préstamos Signatura topográfica completa Código de barras Visto por última vez Precio de reemplazo Tipo de ítem Koha
        Biblioteca del Ateneo de Madrid Biblioteca del Ateneo de Madrid Sala Pecera Planta 1 17/01/2008     A-8252 1052890 23/02/2023 23/02/2023 Libro impreso